000 01223nam0a22003371 4500
001 RU\NLR\INFOCOMM_89\5000595049
005 20250613095111.0
035 _a(NLR Aleph) 009284972
090 _a9184526
_c9184526
100 _a20100920d1984 |||y0rusy50 ca
101 0 _aeng
102 _aRU
105 _aa ||||000|y
200 1 _aElectron-phonon interactions in cadmium measured by inelastic neutron scattering
_fA. A. Chernyshov, V. V. Pushkarev, A. Yu. Rumiantsev et al.
210 _aΜ.
_cI. V. Kurchatov atomic energy inst.
_d1984
215 _a17 с.
_cил.
_d21 см
225 1 _aI. V. Kurchatov atomic energy inst.
_vIAE-3945/9
300 _aНадзаг. также на рус. яз.
320 _aБиблиогр.: с. 9
606 _aЭлектроны
_xВзаимодействие с фононами в кадмий
_2nlr_sh1
686 _aК206.3
_2rubbk
701 1 _9z04790
_aČernyšov
_bA. A.
_4070
701 1 _9z05790
_aPučkarev
_bV. V.
_4070
701 1 _aRumiantsev
_bA. Yu.
_4070
790 1 _9z04701
_aChernyshov
_bA. A.
_4070
790 1 _9z05701
_aPushkarev
_bV. V.
_4070
801 1 _aRU
_bNLR
_c20100920
801 0 _aRU
_bNLR
_gPSBO
852 _aNLR
_jТ31 Д-4/41
942 _cBOOK
980 _aNB